000
00294nam a22001337a 4500
020
_a
9788131788998
082
_a
330
100
_a
James Gerber
245
_a
International economics
250
_a
5th ed
260
_a
Dorling kinderseley
_b
Pearson pub
_c
2011
300
_a
471p
942
_c
BK
999
_c
3252
_d
3252